<?xml version="1.0" encoding="UTF-8"?>
<record
    xmlns:xsi="http://www.w3.org/2001/XMLSchema-instance"
    xsi:schemaLocation="http://www.loc.gov/MARC21/slim http://www.loc.gov/standards/marcxml/schema/MARC21slim.xsd"
    xmlns="http://www.loc.gov/MARC21/slim">

  <leader>02337nam a2200385 a 4500</leader>
  <controlfield tag="001">1675593</controlfield>
  <controlfield tag="003">OCoLC</controlfield>
  <controlfield tag="005">20220326193246.0</controlfield>
  <controlfield tag="008">980224s1997    cr a     b   f100 0 spa  </controlfield>
  <datafield tag="010" ind1=" " ind2=" ">
    <subfield code="a">   98118624 </subfield>
  </datafield>
  <datafield tag="020" ind1=" " ind2=" ">
    <subfield code="a">9968983500</subfield>
  </datafield>
  <datafield tag="035" ind1=" " ind2=" ">
    <subfield code="a">(NcChVT)VT60CR117</subfield>
  </datafield>
  <datafield tag="040" ind1=" " ind2=" ">
    <subfield code="a">DLC</subfield>
    <subfield code="c">DLC</subfield>
  </datafield>
  <datafield tag="043" ind1=" " ind2=" ">
    <subfield code="a">nccr---</subfield>
  </datafield>
  <datafield tag="050" ind1="0" ind2="0">
    <subfield code="a">F1543.8</subfield>
    <subfield code="b">.C34 1992</subfield>
  </datafield>
  <datafield tag="082" ind1=" " ind2=" ">
    <subfield code="a">306</subfield>
    <subfield code="b">C175c</subfield>
  </datafield>
  <datafield tag="100" ind1=" " ind2=" ">
    <subfield code="a">Oyamburu, Jes&#xFA;s y Gonz&#xE1;lez Miguel &#xC1;ngel</subfield>
    <subfield code="9">178</subfield>
  </datafield>
  <datafield tag="245" ind1="0" ind2="0">
    <subfield code="a">Cambio de &#xE9;poca y producci&#xF3;n cultural desde Costa Rica /</subfield>
    <subfield code="c">[coordinaci&#xF3;n de la obra, Jes&#xFA;s Oyamburu, Miguel Angel Gonz&#xE1;lez].</subfield>
  </datafield>
  <datafield tag="260" ind1=" " ind2=" ">
    <subfield code="a">[San Jos&#xE9;, Costa Rica?] :</subfield>
    <subfield code="b">Embajada de Espa&#xF1;a :</subfield>
    <subfield code="b">Centro Cultural Espa&#xF1;ol-ICI :</subfield>
    <subfield code="b">AECI,</subfield>
    <subfield code="c">1997</subfield>
  </datafield>
  <datafield tag="300" ind1=" " ind2=" ">
    <subfield code="a">xiii, 261 p. :</subfield>
    <subfield code="b">ill. ;</subfield>
    <subfield code="c">21 cm.</subfield>
  </datafield>
  <datafield tag="500" ind1=" " ind2=" ">
    <subfield code="a">Proceedings of Primer Encuentro Cambio de Epoca y Producci&#xF3;n Cultural desde Costa Rica, held Nov.-Dec., 1996.</subfield>
  </datafield>
  <datafield tag="504" ind1=" " ind2=" ">
    <subfield code="a">Includes bibliographical references.</subfield>
  </datafield>
  <datafield tag="505" ind1=" " ind2=" ">
    <subfield code="t">Presentaci&#xF3;n</subfield>
    <subfield code="t">I. Cambio de &#xE9;poca e identidad cultural</subfield>
    <subfield code="t">II. Pol&#xED;ticas p&#xFA;blicas hacia la cultura</subfield>
    <subfield code="t">III. Culturas regionales, descentralizaci&#xF3;n y pol&#xED;ticas culturales</subfield>
    <subfield code="t">IV. Agentes en el proceso de producci&#xF3;n art&#xED;stica</subfield>
    <subfield code="t">V. La cooperaci&#xF3;n cultural, la promoci&#xF3;n y la producci&#xF3;n art&#xED;stica en Costa Rica</subfield>
    <subfield code="t">VI. Diagn&#xF3;stico y propuestas para las artes musicales</subfield>
    <subfield code="t">VII. Diagn&#xF3;stico y propuestas para las artes pl&#xE1;sticas</subfield>
    <subfield code="t">VIII. Diagn&#xF3;stico y propuestas para las artes audiovisuales</subfield>
    <subfield code="t">IX. Diagn&#xF3;stico y propuestas para las artes esc&#xE9;nicas</subfield>
    <subfield code="t">X. Diagn&#xF3;stico y propuestas para las artes literarias</subfield>
    <subfield code="t">XI. Anexos</subfield>
  </datafield>
  <datafield tag="610" ind1=" " ind2=" ">
    <subfield code="x">Identidad Cultural- Costa Rica</subfield>
    <subfield code="x">Pol&#xED;tica Cultural- Costa Rica</subfield>
    <subfield code="x">Sociolog&#xED;a Cultural- Costa Rica</subfield>
    <subfield code="x">Desarrollo Cultural- Costa Rica</subfield>
    <subfield code="z">Costa Rica</subfield>
    <subfield code="9">179</subfield>
  </datafield>
  <datafield tag="650" ind1=" " ind2="0">
    <subfield code="a">Arts</subfield>
    <subfield code="z">Costa Rica</subfield>
    <subfield code="x">Congresses.</subfield>
    <subfield code="9">180</subfield>
  </datafield>
  <datafield tag="651" ind1=" " ind2="0">
    <subfield code="a">Costa Rica</subfield>
    <subfield code="x">Cultural policy</subfield>
    <subfield code="x">Congresses.</subfield>
    <subfield code="9">181</subfield>
  </datafield>
  <datafield tag="700" ind1="1" ind2=" ">
    <subfield code="a">Oyamburu, Jes&#xFA;s.</subfield>
    <subfield code="9">182</subfield>
  </datafield>
  <datafield tag="700" ind1="1" ind2=" ">
    <subfield code="a">Gonz&#xE1;lez, Miguel Angel.</subfield>
    <subfield code="9">183</subfield>
  </datafield>
  <datafield tag="710" ind1="1" ind2=" ">
    <subfield code="a">Spain.</subfield>
    <subfield code="b">Embajada (Costa Rica)</subfield>
    <subfield code="9">184</subfield>
  </datafield>
  <datafield tag="710" ind1="2" ind2=" ">
    <subfield code="a">Centro Cultural Espa&#xF1;ol.</subfield>
    <subfield code="9">185</subfield>
  </datafield>
  <datafield tag="710" ind1="2" ind2=" ">
    <subfield code="a">Agencia Espa&#xF1;ola de Cooperaci&#xF3;n Internacional.</subfield>
    <subfield code="9">186</subfield>
  </datafield>
  <datafield tag="711" ind1="2" ind2=" ">
    <subfield code="a">Encuentro Cambio de Epoca y Producci&#xF3;n Cultural desde Costa Rica</subfield>
    <subfield code="n">(1st :</subfield>
    <subfield code="d">1996)</subfield>
    <subfield code="9">187</subfield>
  </datafield>
  <datafield tag="906" ind1=" " ind2=" ">
    <subfield code="a">7</subfield>
    <subfield code="b">cbc</subfield>
    <subfield code="c">orignew</subfield>
    <subfield code="d">2</subfield>
    <subfield code="e">ncip</subfield>
    <subfield code="f">19</subfield>
    <subfield code="g">y-gencatlg</subfield>
  </datafield>
  <datafield tag="999" ind1=" " ind2=" ">
    <subfield code="c">27</subfield>
    <subfield code="d">27</subfield>
  </datafield>
  <datafield tag="952" ind1=" " ind2=" ">
    <subfield code="0">0</subfield>
    <subfield code="1">0</subfield>
    <subfield code="2">ddc</subfield>
    <subfield code="4">0</subfield>
    <subfield code="7">0</subfield>
    <subfield code="a">LV</subfield>
    <subfield code="b">LV</subfield>
    <subfield code="c">Pensamiento</subfield>
    <subfield code="d">2014-03-29</subfield>
    <subfield code="l">0</subfield>
    <subfield code="o">306 C175c</subfield>
    <subfield code="p">000068</subfield>
    <subfield code="r">2014-03-29 00:00:00</subfield>
    <subfield code="w">2014-03-29</subfield>
    <subfield code="y">01</subfield>
  </datafield>
</record>
